| 000 | 00753nam a2200229 a 4500 | ||
|---|---|---|---|
| 001 | 000012244 | ||
| 003 | OSt | ||
| 005 | 20201002100817.0 | ||
| 008 | 091107s1972 sp 000 0 spa d | ||
| 040 |
_aDO-SdBNP _bspa _cBNPHU |
||
| 082 |
_a891.73 _bG613a |
||
| 100 | 1 |
_aGógol, Nikolái Vasílievich, _d1809-1852. _928895 |
|
| 245 | 1 | 4 |
_aLas almas muertas : / _cNikolái Vasílievich Gógol ; traductor, Irene Tchernowa. _blas aventuras de Chichiko |
| 260 |
_aBarcelona : _bRamón Sopena, _c1972. |
||
| 300 |
_a381, [13] p. ; _c18 cm. |
||
| 490 | 1 |
_aBiblioteca Sopena _v61/3 |
|
| 590 | _aInventariado, 2020 / DG | ||
| 650 | 4 |
_aNovela rusa _94742 |
|
| 650 | 4 |
_aLiteratura rusa _ySIGLO XIX _919890 |
|
| 910 | _aInventariado, 2020 / DG | ||
| 942 |
_2ddc _cLF1 |
||
| 999 |
_c11902 _d11902 |
||